| 000 | 00573nam a2200193 i 4500 | ||
|---|---|---|---|
| 001 | bg | ||
| 100 | 1 | _aMARCINIAK, Andrzej | |
| 245 | 0 |
_aChiWriter : _bprofesjonalny edytor tekstów naukowo-technicznych : wersja 3.16 / _cAndrzej Marciniak. |
|
| 260 |
_aPoznań, _c1991. |
||
| 490 | 1 |
_aBiblioteka Użytkownika Mikrokomputerów ; _vt. 1 |
|
| 630 | 0 | 9 | _aChiWriter |
| 650 | 9 | _aEdytory tekstu | |
| 655 | _aPodręczniki | ||
| 830 | _aBiblioteka Użytkownika Mikrokomputerów ; | ||
| 040 | _cBPK | ||
| 041 | _apol | ||
| 942 | _cKS | ||
| 008 | s pl f |000 0 pol | ||
| 999 |
_c4760 _d4760 |
||
| 856 |
_uhttp://koha.tu.koszalin.pl/cgi-bin/koha/opac-detail.pl?biblionumber=4760 _yKatalog online BPK |
||